Most Spoken Language in Each Country - Statistics

General Stats
  • This quiz has been taken 54 times
  • The average score is 8 of 9
Answer Stats
Hint Answer % Correct
Morocco Arabic
98%
Romania Romanian
98%
Cameroon French
96%
Belgium Dutch
88%
Malaysia Malay
88%
Iran Persian
88%
Equatorial Guinea Spanish
88%
South Africa Zulu
71%
Indonesia Javanese
43%
No matching quizzes found
Score Distribution
Percent of People with Each Score
Percentile by Number Answered
Your Score History
You have not taken this quiz